Internet marketing : Building advantage in a networked economy

Bibliographic Details
Main Author: Rafi A.Mohammed
Format: Book
Published: McGraw-Hill , 2001
Subjects:

MARC

LEADER 00000cam a2200000 7i4500
001 0000010540
005 20050503.0
020 |a 0072510226 
040 |a INS 
090 0 0 |a HF5415.1265.   |b I265 2001 
100 1 |a Rafi A.Mohammed 
245 1 0 |a Internet marketing :   |b Building advantage in a networked economy   |c Rafi A. Mohammed 
260 |a McGraw-Hill ,   |c 2001 
650 0 0 |a Internet marketing 
999 |a 0000009563   |b BOOK   |c Open Shelf   |e Default branch